La misión /
La evangelización jesuita en las misiones cercanas a Iguazú (Argentina, 1785).
Guardado en:
| Autor Principal: | |
|---|---|
| Formato: | |
| Publicado: |
Reino Unido,
1986.
|
| Materias: | |
| Etiquetas: |
Agregar Etiqueta
Sin Etiquetas, Sea el primero en etiquetar este registro!
|
| LEADER | 00914ngm a22002895g 4500 | ||
|---|---|---|---|
| 001 | CEM.cems021438 | ||
| 008 | 130507s1986##################0###0#####d | ||
| 005 | 20240823142412.0 | ||
| 245 | 1 | 0 | |a La misión / |c Roland Joffé. |
| 260 | |a Reino Unido, |c 1986. | ||
| 300 | |a 110 | ||
| 500 | |a En soporte VHS, consultar en ventanilla. | ||
| 520 | |a La evangelización jesuita en las misiones cercanas a Iguazú (Argentina, 1785). | ||
| 538 | |a Soporte: VHS - Norma: Pal N - Color - Grabación Drd 1990 - Hitachi=0000. | ||
| 100 | 1 | |a Joffé, Roland | |
| 082 | 9 | 8 | |. 02/ROL |
| 653 | |a HISTORIA | ||
| 653 | |a ARGENTINA | ||
| 653 | |a EVANGELIZACION | ||
| 653 | |a MISIONES | ||
| 653 | |a JESUITAS | ||
| 653 | |a CINE | ||
| 653 | |a ARGENTINA-HISTORIA | ||
| 653 | |a MISIONES JESUITICAS | ||
| 653 | |a NIVEL PRIMARIO | ||
| 653 | |a NIVEL SECUNDARIO | ||
| 859 | |a CEMS |b BIB. CEMS - Depto. Recursos Didacticos |h 980.02 |i ROL |k DRD |p 81.12 |t Ej.1 | ||
